000 00475nam a2200181Ia 4500
003 IN-BaIIA
008 211028s9999 xx 000 0 eng d
020 _a0-13-928995-X
040 _cIIA Library
080 _a681.31
_bINM
110 _aINMOS
_919046
245 0 _aTransputer development system
_cINMOS
260 _aNew York
_bPrentice-Hall
_c1988
300 _axx, 491p.
650 _aAstronomy and astrophysics thesaurus
650 _aTransputer
_919167
942 _cBK
999 _c11189
_d11189